L'Europe française au siècle des lumières / (Record no. 126190)

MARC details
000 -LEADER
campo de control de longitud fija 00697nam a2200217 i 4500
001 - NÚMERO DE CONTROL
campo de control 126190
003 - IDENTIFICADOR DE NÚMERO DE CONTROL
campo de control ES-MaACL
005 - FECHA Y HORA DE LA ÚLTIMA TRANSACCIÓN
campo de control 20230906192755.0
007 - CAMPO FIJO DE DESCRIPCIÓN FÍSICA--INFORMACIÓN GENERAL
campo de control de longitud fija t|
008 - DATOS DE LONGITUD FIJA--INFORMACIÓN GENERAL
campo de control de longitud fija 070214s1971 fr r ||||1| fre d
100 1# - ENTRADA PRINCIPAL--NOMBRE DE PERSONA
Nombre de persona Réau, Louis (
Fechas asociadas al nombre 1881-1961)
9 (RLIN) 95691
245 12 - MENCIÓN DEL TÍTULO
Título L'Europe française au siècle des lumières /
Mención de responsabilidad, etc. Louis Reau.
260 ## - PUBLICACIÓN, DISTRIBUCIÓN, ETC.
Lugar de publicación, distribución, etc. Paris :
Nombre del editor, distribuidor, etc. Albin Michel,
Fecha de publicación, distribución, etc. 1971.
300 ## - DESCRIPCIÓN FÍSICA
Extensión 438 p. ;
Dimensiones 18 cm.
490 1# - MENCIÓN DE SERIE
Mención de serie L'evolution de l'humanité ;
Designación de volumen o secuencia 31
650 04 - PUNTO DE ACCESO ADICIONAL DE MATERIA--TÉRMINO DE MATERIA
Término de materia o nombre geográfico como elemento de entrada Ilustración-
Subdivisión geográfica Francia.
9 (RLIN) 13588
651 #4 - PUNTO DE ACCESO ADICIONAL DE MATERIA--NOMBRE GEOGRÁFICO
Nombre geográfico Europa-
Subdivisión general Civilización-
-- Influencia francesa.
9 (RLIN) 164688
830 0# - PUNTO DE ACCESO ADICIONAL DE SERIE-TÍTULO UNIFORME
Título uniforme L'evolution de l'humanité ;
Designación de volumen o secuencia 31
9 (RLIN) 181507
852 ## - LOCALIZACIÓN
Ubicación ES-MaACL
Número de control de estantería E-5556
Sublocalización o colección R.89813
Holdings
Estatus retirado Estado de pérdida Estado de daño No para préstamo Biblioteca de origen Biblioteca actual Ubicación en estantería Fecha de adquisición Fuente de adquisición Total de préstamos Signatura topográfica completa Código de barras Visto por última vez Precio de reemplazo Tipo de ítem Koha
        Biblioteca del Ateneo de Madrid Biblioteca del Ateneo de Madrid Depósito 2 17/01/2008     E-5556 1131439 23/02/2023 23/02/2023 Libro impreso